| 000 | 01473cam a22003977a 4500 | ||
|---|---|---|---|
| 003 | CHAP | ||
| 005 | 20250913062744.0 | ||
| 008 | 040621d2003 mx r 00110 spa d | ||
| 010 | _a88546 | ||
| 011 | _a89518 | ||
| 035 | _a100069 | ||
| 040 | _cCHAP | ||
| 090 | _aTesis | ||
| 100 | 0 | 0 |
_aUrzúa Soria, Fernando. _9117020 |
| 245 | 1 | 0 |
_aDinámica poblacional de aravenses en la rotación trigo-maíz bajo diferentes sistemas de labranza y métodos de control de malezas _c/por Fernando Urzúa Soria |
| 260 |
_aMontecillo, Méx. : _bEl autor, _c2003. |
||
| 300 |
_a154 h. ; _bgráfs. |
||
| 502 | _aTesis (Dr. en Ciencias) -- CP. Instituto de Recursos Naturales. Programa en Botánica | ||
| 590 |
_aALEPH _b10 _c20130110 _lUCH01 _h1459 |
||
| 590 |
_aBATCH-UPD _b10 _c20130110 _lUCH01 _h1223 |
||
| 590 |
_aBATCH-UPD _b10 _c20130409 _lUCH01 _h2213 |
||
| 590 |
_aBATCH-UPD _b10 _c20130410 _lUCH01 _h0757 |
||
| 590 |
_aBATCH-UPD _b10 _c20130914 _lUCH01 _h1142 |
||
| 590 |
_aCONVERSION _b10 _c20130109 _lUCH01 _h1349 |
||
| 650 | 1 | 4 |
_aDensidad de siembra. _931812 |
| 650 | 1 | 7 |
_aLabranza _xEfecto en suelos _2 _964305 |
| 650 | 1 | 4 |
_aMaíz _xMalas hierbas _xControl. _971003 |
| 650 | 1 | 4 |
_aRotación de cultivos. _9100243 |
| 650 | 1 | 4 |
_aSiembra directa. _9105840 |
| 650 | 1 | 4 |
_aSuelos _xFísica de. _9110373 |
| 650 | 1 | 4 |
_aTrigo _xMalas hierbas _xControl. _9115054 |
| 901 | _aBK | ||
| 905 | _aAlejandra Carrasco M. | ||
| 942 | _cTESIS | ||
| 949 |
_aTesis _bBC _cTES _d1000691 _eTS1 _h42079 _i100069 _sb |
||
| 999 |
_c88546 _d88546 |
||